00382nam a22001457a 4500003000500000038001100005082001700016100001700033245003800050260004300088300001300131500001500144880003200159880004500191NUST awaseem a891.421bPAS aPasha, Salim aWakh Hoon Tu Phela /cSalim Pasha aLahore :bTopical Publications,c2005. a103 p. ; aPaperback. 6100-02\raسلیم پاشا 6245-02\raوکھ ہوتوں پہلاں /